| 000 | 00775nam a2200229 a 4500 | ||
|---|---|---|---|
| 008 | 951121s1987||||[C 0 ger c | ||
| 020 |
_c13,50 Kčs. _q(10000 výtl.) |
||
| 040 |
_aSNK _bslo _cSNK _eAACR2 |
||
| 041 | 1 |
_aslo _hcze _hslo |
|
| 044 |
_axo _cSK |
||
| 080 | _a803.0(075.3) | ||
| 100 | 1 |
_aHöppnerová, Věra _4aut |
|
| 245 | 1 | 0 |
_aNemčina pre odbory spoločného stravovania _cVěra Höppnerová ; Irena Bajszová, Rudolf Štorkán, Jana Csiky |
| 250 | _a2., vyd. | ||
| 260 |
_aBratislava _bSPN _c1987 _eKošice _fVýchodoslovenské tlačiarne |
||
| 300 |
_a287 s., 12,70 AH _bTb. _c20 cm |
||
| 500 | _aSchválilo MŠ SSR. Nem.-slov. slovník. | ||
| 700 | 1 |
_aBajszová, Irena _4trl |
|
| 700 | 1 |
_aŠtorkán, Rudolf _4bkd |
|
| 700 | 1 |
_aCsiky, Jana _4bkd |
|
| 958 | _aA | ||
| 999 |
_c19199 _d19199 |
||